[Event "AUTO-ADV-61"]
[Site "http://www.queenalice.com/game.php?id=21657"]
[Date "2005.7.28"]
[Round "1"]
[White "alexsoncini"]
[Black "SMaur"]
[Result "0-1"]
[WhiteElo "1896"]
[BlackElo "1562"]

1. d4 d5 2. e3 Nf6 3. Bd3 c5 4. f4 Nc6 5. c3 e6 6. Nd2 c4 7. Bc2 g6 8. Ngf3 Bg7
9. Ne5 O-O 10. O-O Ne7 11. Qf3 Nf5 12. g4 Nxg4 13. Qxg4 Nxe3 14. Ndf3 Nxg4 15.
Nxg4 f6 16. Bd2 e5 17. Nf2 e4 18. Ne1 g5 19. Ng2 Bh6 20. Kh1 f5 21. Rg1 Kh8 22.
fxg5 Bxg5 23. Bf4 Rg8 24. Nh3 Bxf4 25. Nhxf4 b5 26. b3 Bb7 27. Ne3 Qa5 28. Nfxd5
Raf8 29. Rxg8+ Rxg8 30. bxc4 bxc4 31. Ne7 Qxc3 32. Nxg8 Qxa1+ 0-1

[Event "AUTO-ADV-61"]
[Site "http://www.queenalice.com/game.php?id=21658"]
[Date "2005.7.28"]
[Round "1"]
[White "SMaur"]
[Black "refutor"]
[Result "1-0"]
[WhiteElo "1541"]
[BlackElo "1647"]

1. e4 c5 2. Nf3 Nc6 3. Bc4 e6 4. e5 d5 5. exd6 Bxd6 6. Nc3 Nf6 7. O-O O-O 8. d4
cxd4 9. Nxd4 Ne5 10. Qe2 Nxc4 11. Qxc4 a6 12. b3 b5 13. Qc6 Be5 14. Qxa8 Bxd4
15. Qf3 Bxc3 16. Qxc3 Bb7 17. Bb2 Qd5 18. Qg3 Qf5 19. Rad1 Nh5 20. Qh4 Qg6 21.
g3 Nf6 22. Rd2 Ne4 23. Rd8 Nf6 24. Rfd1 Bf3 25. Ba3 Re8 26. Qxf6 1-0

[Event "AUTO-ADV-61"]
[Site "http://www.queenalice.com/game.php?id=21659"]
[Date "2005.7.28"]
[Round "1"]
[White "refutor"]
[Black "SMaur"]
[Result "1/2-1/2"]
[WhiteElo "1686"]
[BlackElo "1574"]

1. d4 d5 2. c4 e6 3. Nc3 Nf6 4. cxd5 exd5 5. Bg5 c6 6. Qc2 Be7 7. e3 Nbd7 8. Bd3
O-O 9. Nge2 Re8 10. O-O-O Ng4 11. Bxe7 Qxe7 12. Rdf1 g6 13. h3 Nxf2 14. Rhg1
Qxe3+ 15. Kb1 Nxd3 16. Rf3 Nb4 17. Rxe3 Nxc2 18. Rxe8+ Kg7 19. Kxc2 Nb6 20. Kb3
a5 21. Ng3 Nc4 22. Nge2 Nd2+ 23. Kc2 Nc4 24. b3 Nb6 25. Rf1 Bf5+ 26. Rxf5 gxf5
27. Rxa8 Nxa8 28. a4 Kg6 29. Nf4+ Kg5 30. Nce2 Nb6 31. g3 h5 32. Ng1 h4 33. Nfe2
Nd7 34. gxh4+ Kxh4 35. Nf4 Nf6 36. Kd3 Kg3 37. Nge2+ Kf3 38. h4 Kg4 39. h5 Kg5
40. Ke3 Ne4 41. Ng1 c5 42. Nxd5 Kxh5 43. dxc5 Nxc5 44. Kf4 Kg6 45. Nf3 Nxb3 46.
Nb6 Nc5 47. Nd4 Kf6 48. Nxf5 Ne6+ 49. Kg4 Ng7 50. Nd6 Ke6 51. Nxb7 f5+ 52. Kf4
Kf6 53. Nd5+ Ke6 54. Ne3 Kf6 55. Nxa5 Ne6+ 56. Kf3 Nc5 57. Nxf5 1/2-1/2

[Event "AUTO-OPEN-70"]
[Site "http://www.queenalice.com/game.php?id=21788"]
[Date "2005.7.28"]
[Round "2"]
[White "SMaur"]
[Black "vinchent78"]
[Result "0-1"]
[WhiteElo "1591"]
[BlackElo "1778"]

1. c4 Nf6 2. d4 e6 3. Nc3 d5 4. Bf4 c6 5. Nf3 Nbd7 6. e3 Be7 7. Bd3 O-O 8. O-O
dxc4 9. Bxc4 b5 10. Bd3 a6 11. e4 Bb7 12. e5 Nh5 13. Be3 c5 14. Ne4 cxd4 15.
Nxd4 Nxe5 16. Bc2 Nf6 17. Ng5 Rc8 18. Rc1 h6 19. Ngf3 Nc4 20. b3 Nxe3 21. fxe3
Ng4 22. Qd3 g6 23. Ne5 Nxe5 24. Qd2 Qd6 25. Rfd1 Ng4 26. g3 e5 27. Ne2 Qc6 28.
e4 Bc5+ 29. Kg2 Ne3+ 30. Kf3 Qf6+ 31. Nf4 exf4 32. gxf4 Nxc2 33. Rxc2 Bxe4+ 34.
Kxe4 Qf5+ 35. Kf3 Qh3+ 0-1

[Event "AUTO-OPEN-70"]
[Site "http://www.queenalice.com/game.php?id=21789"]
[Date "2005.7.28"]
[Round "2"]
[White "vinchent78"]
[Black "SMaur"]
[Result "1-0"]
[WhiteElo "1747"]
[BlackElo "1558"]

1. c4 c5 2. Nc3 Nc6 3. Nf3 Nf6 4. g3 g6 5. Bg2 Bg7 6. O-O O-O 7. d3 d5 8. cxd5
Nxd5 9. Nxd5 Qxd5 10. Ng5 Qd6 11. Bf4 Qf6 12. Ne4 Qxb2 13. Rb1 Qxa2 14. Nxc5 b6
15. Bxc6 1-0

[Event "AUTO-OPEN-70"]
[Site "http://www.queenalice.com/game.php?id=21790"]
[Date "2005.7.28"]
[Round "2"]
[White "SMaur"]
[Black "jiikoo"]
[Result "0-1"]
[WhiteElo "1576"]
[BlackElo "2127"]

1. c4 e5 2. Nc3 Nf6 3. e4 Bc5 4. h3 d6 5. d3 O-O 6. Nf3 Nc6 7. Be2 Bd7 8. O-O a5
9. Nd5 Nxd5 10. cxd5 Nd4 11. Nxd4 Bxd4 12. Be3 Bxe3 13. fxe3 Qg5 14. g4 Qxe3+
15. Kh2 c6 16. dxc6 bxc6 17. Rf3 Qb6 18. Qd2 a4 19. a3 Rfb8 20. Raf1 Qxb2 21.
Qg5 Be6 22. R1f2 Qxa3 23. d4 Qb4 24. d5 cxd5 25. Qe7 Rb7 26. Qh4 a3 27. exd5
Bxd5 28. Rg3 Qe4 29. Bf3 Qf4 30. Kg2 Rb2 31. Rxb2 axb2 32. Bxd5 Qd2+ 33. Kh1
b1=Q+ 34. Rg1 Qxg1+ 35. Kxg1 Ra1+ 0-1

[Event "AUTO-OPEN-70"]
[Site "http://www.queenalice.com/game.php?id=21791"]
[Date "2005.7.28"]
[Round "2"]
[White "jiikoo"]
[Black "SMaur"]
[Result "1-0"]
[WhiteElo "2056"]
[BlackElo "1560"]

1. e4 e5 2. Nf3 Nc6 3. Bc4 Bc5 4. O-O Nf6 5. d4 exd4 6. e5 d5 7. exf6 dxc4 8.
fxg7 Rg8 9. Bg5 Qd6 10. Re1+ Be6 11. Nbd2 Rxg7 12. Ne4 Qf8 13. Nf6+ Kd8 14.
Nxh7+ Kd7 15. Nxf8+ Ke8 16. Nxe6 Kd7 17. Nxc5+ Kd6 18. Be7+ Nxe7 19. Qxd4+ Nd5
20. Nxb7+ Kc6 21. Na5+ Kd6 22. Qxd5+ Kxd5 23. Re5+ 1-0

[Event "AUTO-INT-04"]
[Site "http://www.queenalice.com/game.php?id=27846"]
[Date "2005.9.9"]
[Round "2"]
[White "atomic"]
[Black "SMaur"]
[Result "0-1"]
[WhiteElo "1724"]
[BlackElo "1576"]

1. e4 e5 2. d4 exd4 3. Qxd4 Nc6 4. Qd1 Nf6 5. f3 Bb4+ 6. c3 Be7 7. Bg5 h6 8.
Bxf6 Bxf6 9. Nh3 O-O 10. Bb5 d6 11. Nf4 Bd7 12. Bxc6 Bxc6 13. O-O Bg5 14. Nh3
Bh4 15. g4 Bb5 16. Qd5 Bxf1 17. Kxf1 c6 18. Qb3 Qf6 19. f4 g5 20. f5 Qe5 21. Qc2
Rfe8 22. Nd2 Qxh2 23. Qd3 Qh1+ 24. Ng1 d5 25. e5 Qh2 26. Qe2 Qxe2+ 27. Nxe2 Rxe5
28. Nd4 Rae8 29. N2f3 Re4 30. Nxh4 gxh4 31. Kf2 Rf4+ 32. Kg2 Re3 33. Kh2 Rxg4
34. f6 h3 35. Nf5 Rg2+ 36. Kh1 Rf3 37. Nh4 Rfg3 38. Nxg2 Rxg2 39. b4 Rc2 40. a4
Rxc3 41. Rg1+ Kf8 42. Rg7 Rf3 43. Kh2 Rxf6 44. Kxh3 Kxg7 0-1

[Event "AUTO-INT-04"]
[Site "http://www.queenalice.com/game.php?id=27847"]
[Date "2005.9.9"]
[Round "2"]
[White "SMaur"]
[Black "atomic"]
[Result "1-0"]
[WhiteElo "1598"]
[BlackElo "1703"]

1. c4 e5 2. e4 Qh4 3. Nc3 Na6 4. Nf3 Qd8 5. Nxe5 d6 6. Nf3 f6 7. d4 Be7 8. d5
Bg4 9. Be2 Bxf3 10. Bxf3 Qd7 11. Bg4 Qd8 12. O-O Nc5 13. b4 Nd7 14. Qa4 Nh6 15.
Be6 Nf7 16. Bxd7+ Qxd7 17. Qxd7+ Kxd7 18. Bb2 Ne5 19. c5 dxc5 20. bxc5 Bxc5 21.
Rad1 Nc4 22. Bc1 g5 23. Na4 b6 24. Nxc5+ bxc5 25. f4 g4 26. e5 fxe5 27. fxe5
Nxe5 28. Bb2 Rae8 29. Rf5 Rhf8 30. Rxf8 Rxf8 31. Bxe5 h5 32. Rc1 Rf5 33. Bg3
Rxd5 34. Bf2 Kc6 35. Rb1 a5 36. a4 c4 37. Rc1 Kd7 38. h4 gxh3 39. gxh3 Rd3 40.
Kg2 c3 41. Be1 Rd4 42. Rxc3 Rxa4 43. h4 Ra2+ 44. Kf3 a4 45. Rc5 Rh2 46. Ra5 Rh1
47. Bg3 Ra1 48. Rxh5 a3 49. Ra5 c6 50. h5 Ke7 51. Kg4 Kf6 52. Be5+ 1-0

[Event "Challenge"]
[Site "http://www.queenalice.com/game.php?id=39776"]
[Date "2005.11.25"]
[Round "-"]
[White "Albert"]
[Black "SMaur"]
[Result "1-0"]
[WhiteElo "1868"]
[BlackElo "1582"]

1. d4 d5 2. Nc3 Nf6 3. Bg5 e6 4. e4 Be7 5. e5 Ne4 6. Bxe7 Qxe7 7. Bd3 Nc6 8.
Nge2 Qb4 9. a3 Qxb2 10. Nxe4 Nxd4 11. N4c3 Nxe2 12. Nxe2 Qxe5 13. O-O O-O 14.
Ng3 Qg5 15. c4 c5 16. Qc2 g6 17. cxd5 exd5 18. Qxc5 b6 19. Qb4 h5 20. h4 Qf6 21.
Rae1 Bb7 22. Qe7 Qc6 23. Nxh5 gxh5 24. Re5 1-0

[Event "Boca vale callampisima..."]
[Site "http://www.queenalice.com/game.php?id=40852"]
[Date "2005.12.1"]
[Round "-"]
[White "SMaur"]
[Black "larryb"]
[Result "1/2-1/2"]
[WhiteElo "1577"]
[BlackElo "1569"]

1. c4 e5 2. e4 Nc6 3. Nc3 Nf6 4. d3 Bc5 5. Nf3 O-O 6. Be2 d6 7. O-O Nd4 8. Nxd4
Bxd4 9. Nd5 Nxd5 10. cxd5 f5 11. Qb3 a5 12. Be3 a4 13. Qb4 Bxe3 14. fxe3 a3 15.
exf5 Bxf5 16. e4 axb2 17. Qxb2 Bg6 18. Qxb7 Qg5 19. Rae1 Qe3+ 20. Kh1 Qb6 21.
Qxb6 cxb6 22. Rxf8+ Kxf8 1/2-1/2

[Event "AUTO-INT-04"]
[Site "http://www.queenalice.com/game.php?id=71567"]
[Date "2006.5.25"]
[Round "3"]
[White "SMaur"]
[Black "pedrinhoIII"]
[Result "0-1"]
[WhiteElo "1599"]
[BlackElo "1630"]

1. c4 e5 2. Nc3 Bc5 3. Nf3 Nf6 4. Nxe5 O-O 5. d4 Bb4 6. d5 Ne4 7. Qb3 Bxc3+ 8.
bxc3 d6 9. Nf3 Bg4 10. h3 Bxf3 11. exf3 Nc5 12. Qb2 Re8+ 13. Be2 Qe7 14. Be3 b6
15. O-O Nbd7 16. Rfe1 Ne5 17. f4 Ned3 18. Bxd3 Nxd3 19. Qd2 Nxe1 20. Rxe1 f5 21.
Kf1 Qd7 22. f3 b5 23. Qd3 bxc4 0-1

[Event "AUTO-INT-04"]
[Site "http://www.queenalice.com/game.php?id=71568"]
[Date "2006.5.25"]
[Round "3"]
[White "pedrinhoIII"]
[Black "SMaur"]
[Result "0-1"]
[WhiteElo "1593"]
[BlackElo "1618"]

1. e4 e5 2. Qh5 Nf6 3. Qxe5+ Be7 4. d3 Nc6 5. Qg3 O-O 6. Be2 g6 7. Nh3 d6 8. O-O
Nd4 9. Na3 Nxe2+ 10. Kh1 Nxg3+ 11. fxg3 c5 0-1

[Event "Challenge"]
[Site "http://www.queenalice.com/game.php?id=79052"]
[Date "2006.6.21"]
[Round "-"]
[White "SMaur"]
[Black "Marcelo_Araujo"]
[Result "0-1"]
[WhiteElo "1642"]
[BlackElo "1651"]

1. c4 Nf6 2. d4 g6 3. Nc3 Bg7 4. e4 d6 5. Nf3 Nfd7 6. b4 O-O 7. c5 dxc5 8. bxc5
Nc6 9. Be3 b6 10. cxb6 axb6 11. Qb3 h6 12. Bd3 Re8 13. e5 e6 14. O-O Na5 15. Qc2
Bb7 16. Be4 Bxe4 17. Nxe4 Rc8 18. Rad1 Nb7 19. Rd2 f6 20. exf6 Nxf6 21. Rfd1 Nd6
22. Nxd6 cxd6 23. Qxg6 Kf8 24. Bxh6 Bxh6 0-1

[Event "Challenge"]
[Site "http://www.queenalice.com/game.php?id=91733"]
[Date "2006.8.1"]
[Round "-"]
[White "zevir"]
[Black "SMaur"]
[Result "1-0"]
[WhiteElo "1677"]
[BlackElo "1626"]

1. e4 e5 2. Nf3 Nc6 3. Nc3 Nf6 4. d4 exd4 5. Nxd4 Bb4 6. Nxc6 bxc6 7. Bc4 Nxe4
8. O-O Nxc3 9. bxc3 Bxc3 10. Qf3 Bf6 11. Re1+ Kf8 12. Bg5 d5 13. Bxf6 Qxf6 14.
Bd3 Qxf3 15. gxf3 1-0

[Event "Challenge"]
[Site "http://www.queenalice.com/game.php?id=91758"]
[Date "2006.8.1"]
[Round "-"]
[White "SMaur"]
[Black "zevir"]
[Result "0-1"]
[WhiteElo "1612"]
[BlackElo "1691"]

1. c4 e5 2. Nc3 Nf6 3. e4 Nc6 4. Nf3 Bc5 5. Be2 O-O 6. d3 d6 7. O-O Bg4 8. h3
Bxf3 9. Bxf3 Nd4 10. a3 c6 11. b4 Bb6 0-1

[Event "Challenge"]
[Site "http://www.queenalice.com/game.php?id=96517"]
[Date "2006.8.17"]
[Round "-"]
[White "SMaur"]
[Black "SPFC"]
[Result "0-1"]
[WhiteElo "1626"]
[BlackElo "1320"]

1. c4 e5 2. Nc3 Nf6 3. e4 d6 4. Nf3 Nc6 5. Be2 Bg4 6. O-O Bxf3 7. Bxf3 Nd4 8. d3
c6 9. b4 h6 10. a4 a5 11. b5 cxb5 0-1